000 00309nam a22001337a 4500
008 181203b xxu||||| |||| 00| 0 eng d
020 _a9780323054089
041 _aeng
080 _24th
_a610.73
100 _a2
101 _aINF
245 _aNursing Outcomes Classification
_cMoorhead,S
942 _2udc
_cBK
999 _c52734
_d52734